ბათუმის შოთა რუსთაველის სახელმწიფო უნივერსიტეტის ბიბლიოთეკა

ჰელიკონი. ძველი ბერძნული ლირიკა. (ბიბ.ჩანაწერი № 35827)

000 -LEADER
fixed length control field 00731nam a2200217Ia 4500
001 - CONTROL NUMBER
control field 1716
003 - CONTROL NUMBER IDENTIFIER
control field GE_BSU
008 - FIXED-LENGTH DATA ELEMENTS--GENERAL INFORMATION
fixed length control field 181216s||||||||xx |||||||||||||| ||und||
020 ## - INTERNATIONAL STANDARD BOOK NUMBER
International Standard Book Number 9992865792
040 ## - CATALOGING SOURCE
Transcribing agency GE_BSU
080 ## - UNIVERSAL DECIMAL CLASSIFICATION NUMBER
Universal Decimal Classification number 821.14
245 ## - TITLE STATEMENT
Title ჰელიკონი. ძველი ბერძნული ლირიკა.
245 ## - TITLE STATEMENT
Statement of responsibility, etc. შემდგ. ნანა ტონიამ რედ. ირინა დარჩია, მხატვ. გია ბუღაძე
260 ## - PUBLICATION, DISTRIBUTION, ETC.
Place of publication, distribution, etc. თბილისი
260 ## - PUBLICATION, DISTRIBUTION, ETC.
Name of publisher, distributor, etc. ლოგოსი
260 ## - PUBLICATION, DISTRIBUTION, ETC.
Date of publication, distribution, etc. 2002
300 ## - PHYSICAL DESCRIPTION
Extent 286 გვ.19 სმ.
653 ## - INDEX TERM--UNCONTROLLED
Uncontrolled term ძველი ბერძნული ლირიკა.
942 ## - ADDED ENTRY ELEMENTS (KOHA)
Koha item type წიგნი
ეგზემპლარები
Withdrawn status Lost status Damaged status Not for loan Date acquired Barcode Date last seen Price effective from Koha item type Public note
        2018-12-17 3611 2018-12-17 2018-12-17 წიგნი დარბაზი